00325nam a2200109 a 45000010005000000030005000050050017000100080041000270400020000682450099000882600028001875039CDMR20130116135303.0130130s1982||||||||||||||||||||||||||||d aCDMRbcatcCDMR 3aLa inminente revolución en la recuperación de la información en el hogar y en la oficina aBarcelonac1982bA.T.E.